01531nam a2200265Ia 450000100060000000300090000600800410001504000130005604000130006904100130008210000160009510000290011124500750014024500750021525000110029026000120030126000290031326000490034230000430039150006850043465000210111965000310114070000400117170000540121163004IT-RoPAU130308s9999 xx 000 0 und d aIT-RoPAU cIT-RoPAU aITALIANO aBo Vincenzo gCodice Aut. SPICS: 17863 aParrocchia e pastorale parrocchiale-Storia, teologia e linee pastorali bParrocchia e Pastorale Parrocchiale-Storia, Teologia e linee Pastorali a1a ed. aBOLOGNA bEDB - Edizioni Dehoniane c1986 [1° Ed.:1986 - Ed.Ling.Originale:1986] a"200 p. (prefazione: no ; testo: 200)" aStoria Teologia e linee Pastorali Storia della parrocchia Quando e Perche' Nasce la parrocchia Sue tappe Storiche parrocchia Contemporanea Teologia della parrocchia fenomeno e Struttura Canonica Teologia della Comunità Comunità Parrocchiale parrocchia e Diocesi Pastorale Parrocchiale mutazioni Socio Culturali e Rincorsa Pastorale Cei e programma Pastorale Nazionale seconda Evangelizzazione Attuazione del Nuovo Concordato Chiesa locale Some Soggetto della Pastorale Specificità della Pastorale Parrocchiale rinnovamento della Pastorale Parrocchiale integrazione della Pastorale Parrocchiale Comunità Parrocchiale a Servizio della Pastorale prospettive parrocchia Urbana aTEORIA PASTORALE eCodice materia Spics: 9301 aDianich SeverinoCardaropoli Gerardo gCodice Aut. SPICS: 22219Codice Aut. SPICS: 8440